[Event "Hotel Agro IM A"]
[Site "Budapest"]
[Date "1999.08.07"]
[Round "9"]
[White "Petran, Pal"]
[Black "Serrer, Christoph"]
[Result "1-0"]
[WhiteElo "2371"]
[BlackElo "2257"]

1.d4 d5 2.c4 c6 3.Nc3 Nf6 4.e3 e6 5.Nf3 Nbd7 6.Qc2 Bd6 7.Bd3 dxc4 8.Bxc4 O-O
9.O-O e5 10.h3 h6 11.a3 a5 12.Ba2 Re8 13.dxe5 Nxe5 14.Nd4 Ned7 15.Nf5 Bf8
16.Rd1 Qb6 17.e4 Nc5 18.e5 Bxf5 19.Qxf5 Nd5 20.Nxd5 cxd5 21.Bxd5 Qc7 22.Bf4 Ne6
23.Be3 Bc5 24.Rac1 Qe7 25.Bxc5 Nxc5 26.Bxf7+ Qxf7 27.Qxf7+ Kxf7 28.Rxc5 Re7
29.f4 h5 30.Kf2 Ra6 31.Rd2 a4 32.Rb5 h4 33.f5 Rh6 34.Kf3 g6 35.Rb6 Rxe5 36.Rf6+ Ke8
37.fxg6  1-0

[Event "BCF-ch 86th"]
[Site "Scarborough"]
[Date "1999.08.07"]
[Round "7"]
[White "Sashikiran, Krishnan"]
[Black "Abdulla, Al Rakib"]
[Result "1/2-1/2"]
[WhiteElo "2536"]
[BlackElo "2367"]

1.d4 d5 2.c4 c6 3.Nc3 Nf6 4.e3 e6 5.Nf3 Nbd7 6.Bd3 dxc4 7.Bxc4 b5 8.Bd3 a6
9.e4 c5 10.e5 cxd4 11.Nxb5 Nxe5 12.Nxe5 axb5 13.O-O Qd5 14.Qe2 Ba6 15.Bg5 Be7
16.f4 O-O 17.Rf3 Bb7 18.Rg3 Rxa2 19.Rxa2 Qxa2 20.Bxf6 Bxf6 21.Nd7 Be7 22.Nxf8 Bxf8
23.h4 Qa1+ 24.Kh2 Qc1 25.Qe5 Qxb2 26.h5 Qb4 27.Bxb5 Bd5 28.Bd3 Qe7 29.Kh3 Qc5
30.Kh2 Qe7 31.Be4 Bxe4 32.Qxe4 Qc5 33.Rg5 Qd6 34.Rb5 g6 35.Rb3 Qc5 36.hxg6 hxg6
37.Rb8 Qd6 38.Rc8 Kh7 39.g3 Bg7 40.Rc2  1/2-1/2

[Event "MK Cafe Cup-A"]
[Site "Koszalin"]
[Date "1999.08.08"]
[Round "6"]
[White "Shishkin, Vadim"]
[Black "Pinski, Jan"]
[Result "1-0"]
[WhiteElo "2475"]
[BlackElo "2444"]

1.d4 Nf6 2.Nf3 d5 3.c4 c6 4.Nc3 e6 5.e3 Nbd7 6.Qc2 b6 7.b3 Bb7 8.Bb2 Qc7
9.Bd3 Bd6 10.O-O O-O 11.Rac1 Rac8 12.h3 Qb8 13.Qe2 c5 14.cxd5 exd5 15.Nb5 Be7
16.Ne5 a6 17.Na3 cxd4 18.exd4 Rfe8 19.Nc2 b5 20.Ne3 Nf8 21.Nf5 Bd8 22.Qf3 Rxc1
23.Rxc1 b4 24.Qg3 g6 25.Nh6+ Kg7 26.Nhxf7 Be7 27.Re1 Bc8 28.Bc1 Ng8 29.Qf3 Qb7
30.Ng4 Bxg4 31.hxg4 Nd7 32.Nd6 Bxd6 33.Rxe8 Qc6 34.Bd2 Ndf6 35.Re1  1-0

[Event "BCF-ch 86th"]
[Site "Scarborough"]
[Date "1999.08.09"]
[Round "8"]
[White "Dearing, Edward"]
[Black "Buckley, David"]
[Result "1-0"]
[WhiteElo "2295"]
[BlackElo "2163"]

1.d4 d5 2.c4 c6 3.Nc3 Nf6 4.e3 e6 5.Nf3 Nbd7 6.Bd3 Bd6 7.e4 dxe4 8.Nxe4 Nxe4
9.Bxe4 O-O 10.O-O h6 11.Bc2 e5 12.b3 Re8 13.Re1 exd4 14.Rxe8+ Qxe8 15.Qxd4 Bc5
16.Qd3 Nf8 17.Bb2 Be7 18.Re1 Be6 19.Nd2 Qd8 20.Qe3 Bg5 21.f4 Bf6 22.Bxf6 Qxf6
23.Nf3 Bf5 24.Bxf5 Qxf5 25.Rd1 Ne6 26.g3 Qc5 27.Qxc5 Nxc5 28.b4 Na6 29.a3 Rc8
30.Rd7 Rc7 31.Rd8+ Kh7 32.Kf2 Re7 33.Ra8 b6 34.Ne5 Rc7 35.f5 g6 36.f6 g5
37.Kf3 h5 38.Ke4 Rb7 39.Nxc6 Rc7 40.Ne5 Rb7 41.Rf8 Nb8 42.Kf5  1-0

[Event "Chania op 9th"]
[Site "Chania"]
[Date "1999.08.10"]
[Round "8"]
[White "Miladinovic, Igor"]
[Black "Tsivelekidis, Georgios"]
[Result "1-0"]
[WhiteElo "2526"]
[BlackElo "2083"]

1.d4 d5 2.c4 e6 3.Nf3 Nf6 4.Nc3 c6 5.e3 Bd6 6.Bd3 Nbd7 7.O-O O-O 8.e4 dxe4
9.Nxe4 Nxe4 10.Bxe4 e5 11.dxe5 Nxe5 12.Nxe5 Bxe5 13.Bxh7+ Kxh7 14.Qh5+ Kg8
15.Qxe5 Be6 16.b3 Qd3 17.Bb2 Qg6 18.Rae1 Bh3 19.Qxg7+ Qxg7 20.Bxg7 Kxg7 21.gxh3 Rfe8
22.Kg2 Rad8 23.Rxe8 Rxe8 24.Kf3 Rh8 25.Rd1 Rxh3+ 26.Kg2 Rc3 27.Rd7 Rc2 28.a4 b5
29.cxb5 cxb5 30.Rxa7 Rb2 31.axb5 Rxb3 32.Rb7 Kg6 33.b6 Kg7 34.Rb8 Kh7 35.h4 Kg7
36.b7 Kh7 37.h5 Rb2 38.h6 Rb3 39.f3 Rb2+ 40.Kg3 Rb4 41.f4 Rb3+ 42.Kf2 Rb1
43.Ke3 Rb4 44.Kd3 Rb1 45.Kc4 Rb2 46.Kc5 Rb1 47.Kd6 Rb2 48.Ke7 Rb4 49.f5 Rb5
50.Kf6  1-0

[Event "Chania op 9th"]
[Site "Chania"]
[Date "1999.08.10"]
[Round "8"]
[White "Banikas, Hristos"]
[Black "Kutirov, Rolando"]
[Result "1-0"]
[WhiteElo "2507"]
[BlackElo "2392"]

1.d4 d5 2.c4 c6 3.Nf3 Nf6 4.Nc3 e6 5.e3 Nbd7 6.Qc2 Bd6 7.Bd3 O-O 8.O-O Qe7
9.h3 dxc4 10.Bxc4 c5 11.dxc5 Bxc5 12.e4 Bd6 13.Nb5 Bb8 14.b3 a6 15.Ba3 Nc5
16.Nbd4 Ba7 17.e5 Nfd7 18.b4 Na4 19.Qxa4 b5 20.Nc6 Qe8 21.Qc2 bxc4 22.Ng5 f5
23.exf6 Nxf6 24.b5 Rf7 25.Nxf7 Kxf7 26.Nxa7 Rxa7 27.b6 Rd7 28.Qxc4 Bb7 29.Rfd1 Nd5
30.Rac1 Kg8 31.Bc5 Rf7 32.Be3 Rf6 33.Qd4 Qg6 34.Qg4 Qe8 35.Bg5 Rg6 36.Rc7 h5
37.Qe4 Rxg5 38.Rxb7 Nc3 39.Qe3 Qg6 40.Qxc3 Rxg2+ 41.Kh1 Rxf2 42.Rd8+ Kh7
43.Rxg7+ Qxg7 44.Qxg7+ Kxg7 45.b7  1-0

[Event "BCF-ch 86th"]
[Site "Scarborough"]
[Date "1999.08.10"]
[Round "9"]
[White "Rahman, Taibur"]
[Black "Dearing, Edward"]
[Result "0-1"]
[WhiteElo "2210"]
[BlackElo "2295"]

1.d4 d5 2.c4 c6 3.Nc3 Nf6 4.e3 e6 5.Nf3 Nbd7 6.Bd3 dxc4 7.Bxc4 b5 8.Bd3 a6
9.e4 c5 10.d5 Bb7 11.O-O Qc7 12.Qe2 c4 13.Bc2 Bd6 14.Re1 e5 15.Nd1 O-O 16.Bg5 h6
17.Bd2 Rfc8 18.Nh4 a5 19.Nf5 Bf8 20.Nde3 g6 21.Ng3 Kh7 22.Ng4 Ne8 23.h4 h5
24.Nh2 Bg7 25.Nf3 Nd6 26.Ng5+ Kg8 27.Nf1 Nf6 28.Nh2 b4 29.Nhf3 Ba6 30.Rec1 c3  0-1

[Event "Petermaennchen GM"]
[Site "Schwerin"]
[Date "1999.08.10"]
[Round "2"]
[White "Uhlmann, Wolfgang"]
[Black "Levin, Felix"]
[Result "1-0"]
[WhiteElo "2461"]
[BlackElo "2531"]

1.c4 e6 2.Nc3 d5 3.d4 c6 4.e3 Nf6 5.Nf3 Nbd7 6.b3 Bb4 7.Bd2 Qe7 8.Be2 O-O
9.O-O b6 10.Bd3 Bb7 11.Qe2 e5 12.dxe5 Nxe5 13.Nxe5 Qxe5 14.Nxd5 Nxd5 15.cxd5 Bd6
16.f4 Qxd5 17.Bc3 Rfe8 18.Rad1 Qc5 19.Bd4 Qa5 20.Qg4 Bf8 21.f5 Re5 22.Bc4 Rae8
23.f6 Bc8 24.Bxf7+  1-0

[Event "VISA Nordic GP fin"]
[Site "Gentofte"]
[Date "1999.08.11"]
[Round "5"]
[White "Olafsson, Helgi"]
[Black "Agdestein, Simen"]
[Result "0-1"]
[WhiteElo "2494"]
[BlackElo "2580"]

1.d4 d5 2.c4 c6 3.Nc3 Nf6 4.e3 e6 5.Nf3 Nbd7 6.Bd3 dxc4 7.Bxc4 b5 8.Bd3 a6
9.e4 c5 10.e5 cxd4 11.Nxb5 axb5 12.exf6 gxf6 13.Nxd4 Qb6 14.Be3 Bb4+ 15.Ke2 Bc5
16.Nc2 Bb7 17.b4 Bxe3 18.Nxe3 Ne5 19.f4 Nc6 20.Nc2 Rg8 21.g3 Rd8 22.Re1 e5
23.Qc1 exf4 24.Qxf4 Ne5 25.Bf5 Qc6 26.Ne3 Qc3 27.Kf1 Rd4 28.Qh6 Qc6 29.Rad1 Qf3+
30.Kg1 Qh1+ 31.Kf2 Qf3+ 32.Kg1 Rxg3+ 33.hxg3 Qxg3+ 34.Kf1 Qf3+ 35.Kg1 Qg3+
36.Kf1 Rf4+ 37.Qxf4 Qxf4+ 38.Ke2 Qh2+ 39.Kf1 Qf4+ 40.Ke2 Bf3+ 41.Kd2 Qxb4+  0-1

[Event "BCF-ch 86th"]
[Site "Scarborough"]
[Date "1999.08.12"]
[Round "11"]
[White "Sundar Rajan, Kidambi"]
[Black "Abdulla, Al Rakib"]
[Result "1/2-1/2"]
[WhiteElo "2334"]
[BlackElo "2367"]

1.d4 d5 2.c4 c6 3.Nc3 Nf6 4.e3 e6 5.Nf3 Nbd7 6.Bd3 dxc4 7.Bxc4 b5 8.Bd3 a6
9.e4 c5 10.e5 cxd4 11.Nxb5 Nxe5 12.Nxe5 axb5 13.Bxb5+ Bd7 14.Nxd7 Qa5+ 15.Bd2 Qxb5
16.Nxf8 Kxf8 17.a4 Qxb2 18.O-O Qb7 19.Bf4 Qd5 20.Rb1 Ne4 21.Rb5 Nc3 22.Rxd5 Nxd1
23.Rxd4 Nc3 24.Bd6+ Ke8 25.Rc4 Nd5 26.Rb1 Kd7 27.Be5 Rhc8 28.Rh4 f6 29.Bg3 h6
30.Rb7+ Ke8 31.h3 Kf8 32.Rd4 Rc1+ 33.Kh2 Ra1 34.Rg4 g5 35.Re4 R1xa4 36.Rxe6 R4a7
37.Rb5 Kf7 38.Rd6 Ne7 39.Rbb6  1/2-1/2

[Event "Baunatal op 5th"]
[Site "Baunatal"]
[Date "1999.08.13"]
[Round "2"]
[White "Pfaff, Volker"]
[Black "Vehmeyer, Thomas"]
[Result "1-0"]
[WhiteElo "1797"]
[BlackElo "1694"]

1.d4 d5 2.Nf3 Nf6 3.c4 c6 4.e3 e6 5.Nc3 Bd6 6.Bd3 O-O 7.O-O Nbd7 8.e4 dxe4
9.Nxe4 Nxe4 10.Bxe4 Nf6 11.Bc2 Qc7 12.b3 b5 13.Bg5 Be7 14.Qd3 g6 15.Ne5 bxc4
16.bxc4 c5 17.Rfe1 Rd8 18.Qf3 Kg7 19.d5 exd5 20.cxd5 Qd6 21.Rad1 Ba6 22.Bb3 Rdc8
23.Bc4 Rf8 24.Bxa6 Qxa6 25.d6 Bxd6 26.Qxf6+ Kg8 27.Rxd6 Qa5 28.Red1  1-0

[Event "MK Cafe Cup-B"]
[Site "Koszalin"]
[Date "1999.08.13"]
[Round "10"]
[White "Rosenbeiger, Alan"]
[Black "Kludacz, Magdalena"]
[Result "0-1"]
[WhiteElo "2156"]
[BlackElo "2217"]

1.d4 d5 2.c4 c6 3.Nc3 Nf6 4.Nf3 e6 5.e3 Nbd7 6.cxd5 cxd5 7.Bd3 Be7 8.O-O O-O
9.Ne5 Nxe5 10.dxe5 Nd7 11.f4 f5 12.g4 Nc5 13.gxf5 Nxd3 14.Qxd3 Rxf5 15.Ne2 Qe8
16.Rf3 Qh5 17.Kg2 Bh4 18.Bd2 Bd7 19.Be1 Be8 20.Bxh4 Qxh4 21.Rh3 Qe7 22.Nd4 Rh5
23.Rg3 Bg6 24.Rxg6 hxg6 25.Qxg6 Rh6 26.Qg5 Qxg5+ 27.fxg5 Rh5 28.Nf3 Rc8 29.Kg3 Kf7
30.h4 Rhh8 31.Nd4 Ke7 32.Kg4 Rhf8 33.g6 Rf2 34.h5 Rcf8 35.Rc1 Kd7 36.Nb5 a6
37.Rc7+ Kd8 38.Rxb7 axb5 39.Rxg7 Rg2+ 40.Kh3 Rg5 41.Kh4 Rff5 42.Rh7 Ke8 43.g7 Kf7
44.h6 Rh5+ 45.Kg4 Rhg5+ 46.Kh4 Rxe5 47.Rh8 Rxg7 48.hxg7 Kxg7 49.Rb8 Rxe3
50.Rxb5 Kf6 51.Rb4 Ke5 52.a4 d4 53.a5 d3 54.Rb3 Re4+ 55.Kg5 d2 56.Rb5+ Kd6
57.Rb8 Kc7  0-1

[Event "MK Cafe Cup-B"]
[Site "Koszalin"]
[Date "1999.08.13"]
[Round "10"]
[White "Chekhova Kostina, Tatiana M"]
[Black "Lukaszewski, M."]
[Result "1/2-1/2"]
[WhiteElo "2243"]
[BlackElo "2158"]

1.Nf3 d5 2.c4 e6 3.d4 Nf6 4.Nc3 c6 5.e3 Nbd7 6.Qc2 Bd6 7.b3 Qe7 8.Bb2 O-O
9.Be2 a6 10.a4 dxc4 11.bxc4 e5 12.O-O e4 13.Nd2 Re8 14.Rfe1 Nf8 15.f3 exf3
16.Bxf3 Ng4 17.Bxg4 Bxg4 18.e4 Bf4 19.Nf1 Rad8 20.Qf2 Ng6 21.g3 Bb8 22.Ne3 Bh3
23.Nf5 Qb4 24.c5 Nf8 25.Na2 Qxa4 26.Nc3 Qb3 27.d5 Bxf5 28.Ra3 Qc4 29.Ra4  1/2-1/2

[Event "Faro op"]
[Site "Algarve"]
[Date "1999.08.14"]
[Round "5"]
[White "Del Rey, Diego"]
[Black "Candeias, Tiago"]
[Result "1-0"]
[WhiteElo "2369"]
[BlackElo "2085"]

1.d4 d5 2.c4 c6 3.Nf3 Nf6 4.e3 e6 5.Nc3 Nbd7 6.Bd3 dxc4 7.Bxc4 b5 8.Bd3 Bb7
9.e4 a6 10.e5 Nd5 11.Ne4 c5 12.O-O cxd4 13.a4 Nb4 14.axb5 Nxd3 15.Qxd3 axb5
16.Bf4 Rxa1 17.Rxa1 Qb6 18.Nxd4 Be7 19.Nd6+ Bxd6 20.exd6 b4 21.Qb5 Qxb5 22.Nxb5 O-O
23.Nc7 Rb8 24.f3 e5 25.Be3 Bc6 26.Ra6 Bb7 27.Ra5 Bc6 28.b3 f6 29.Ra6 Bb7
30.Ra7 Kf7 31.Bd2 Bc6 32.Be3 Rb7 33.Ra5 Nf8 34.Ra6 Bd7 35.Nd5 Be6 36.Ra5 Nd7
37.f4 Bxd5 38.Rxd5 Ke6 39.Rd2 Rb5 40.Kf2 Ra5 41.Ke2 Ra3 42.Rd3 Ra2+ 43.Rd2 Ra3
44.Rd3 Ra2+ 45.Rd2 Ra3 46.Rb2 Kxd6 47.Bd2  1-0

[Event "Baunatal op 5th"]
[Site "Baunatal"]
[Date "1999.08.14"]
[Round "4"]
[White "Luechtemeier, Peter"]
[Black "Francis, Patrick"]
[Result "1/2-1/2"]
[WhiteElo "2224"]
[BlackElo "2105"]

1.d4 d5 2.Nf3 c6 3.c4 Nf6 4.e3 e6 5.Nc3 Be7 6.b3 O-O 7.Bd3 dxc4 8.bxc4 Bb4
9.Qc2 c5 10.O-O Bxc3 11.Qxc3 b6 12.Bb2 Bb7 13.Rad1 Qc7 14.d5 exd5 15.cxd5 Rd8
16.e4 Nbd7 17.Bc4 Qf4 18.e5 b5 19.Bxb5 Nxd5 20.Qc2 Nb4  1/2-1/2

[Event "Baunatal op 5th"]
[Site "Baunatal"]
[Date "1999.08.14"]
[Round "5"]
[White "Kuenitz, Klaus"]
[Black "Luechtemeier, Peter"]
[Result "1-0"]
[WhiteElo "2066"]
[BlackElo "2224"]

1.Nf3 d5 2.d4 Nf6 3.c4 c6 4.Nc3 e6 5.e3 Nbd7 6.Qc2 Bd6 7.b3 O-O 8.Bd3 e5
9.dxe5 Nxe5 10.Nxe5 Bxe5 11.Bb2 Be6 12.cxd5 cxd5 13.f4 Bd6 14.O-O Rc8 15.Qd2 Ng4
16.Nb5 Bc5 17.Bd4 Qb6 18.Rac1 Rfe8 19.Rxc5 Rxc5 20.b4 Rxb5 21.Bxb6 Rxb6 22.b5 Bd7
23.Qa5 Nxe3 24.Qxa7 Rbe6 25.Rc1 Ng4 26.Qxb7 Re1+ 27.Rxe1 Rxe1+ 28.Bf1 Be8
29.h3 Nf6 30.Kf2 Rb1 31.Qa8 Ne4+ 32.Ke3 Re1+ 33.Kd4 Rd1+ 34.Bd3 Kf8 35.Qxd5 Nf2
36.Qc5+ Kg8 37.Qc2 Rxd3+ 38.Kc4 Rd1 39.b6 Bc6 40.Qxf2 Rc1+ 41.Kb4 Rb1+ 42.Kc5 Rc1+
43.Kd6 Bb7 44.g4 Kf8 45.Qe3 Rc6+ 46.Kd7 g6 47.Qe5  1-0

[Event "Baunatal op 5th"]
[Site "Baunatal"]
[Date "1999.08.14"]
[Round "6"]
[White "Dorsch, Andre"]
[Black "Hartleib, Markus"]
[Result "0-1"]
[WhiteElo "960"]
[BlackElo "1721"]

1.c4 Nf6 2.Nc3 c6 3.d4 d5 4.Nf3 e6 5.e3 Nbd7 6.Bd3 Bd6 7.O-O O-O 8.Qc2 b6
9.Bd2 Bb7 10.a3 dxc4 11.Bxc4 Rc8 12.Ne4 Bb8 13.Nc3 c5 14.Nb5 a6 15.Nc3 Bxf3
16.gxf3 b5 17.Ba2 Qc7 18.f4 cxd4 19.exd4 Nd5 20.Bxd5 exd5 21.Qf5 Nf6 22.Nxd5 Nxd5
23.Qxd5 Qc2 24.Bc3 Bxf4 25.Qf3 Bd2 26.Qb7 Qg6+ 27.Kh1 Bxc3 28.Rac1 Rb8 29.Qxb8 Rxb8
30.bxc3 Qe4+ 31.f3 Qd5 32.Rb1 Re8 33.Kg2 Re2+ 34.Kh1 Qh5  0-1

[Event "FRA-ch G2"]
[Site "Bescanon"]
[Date "1999.08.18"]
[Round "3"]
[White "Vaisser, Anatoli"]
[Black "Boudre, Jean Pierre"]
[Result "1-0"]
[WhiteElo "2564"]
[BlackElo "2397"]

1.d4 d5 2.c4 c6 3.e3 Nf6 4.Nc3 e6 5.Nf3 Nbd7 6.Qc2 Bd6 7.g4 Bb4 8.Bd2 Qe7
9.g5 Bxc3 10.Bxc3 Ne4 11.Bd3 Nxc3 12.Qxc3 dxc4 13.Bxc4 b6 14.O-O-O Bb7 15.e4 O-O
16.Rhe1 b5 17.Bf1 b4 18.Qe3 a5 19.Kb1 c5 20.d5 exd5 21.exd5 Qxe3 22.fxe3 Nb6
23.e4 c4 24.Rd4 Rac8 25.Ne5 c3 26.Nc4 Nxc4 27.Bxc4 cxb2 28.d6 Rc5 29.d7 Rd8
30.e5 Kf8 31.e6 fxe6 32.Rxe6 Rf5 33.Bb5  1-0

[Event "FRA-ch qual"]
[Site "Bescanon"]
[Date "1999.08.19"]
[Round "2"]
[White "Glicenstein, Asher"]
[Black "Nezar, Mustapha"]
[Result "0-1"]
[WhiteElo "2116"]
[BlackElo "2296"]

1.d4 d5 2.c4 c6 3.Nf3 Nf6 4.e3 e6 5.Nc3 Nbd7 6.Qc2 Bd6 7.Bd3 O-O 8.O-O dxc4
9.Bxc4 e5 10.Rd1 Qe7 11.Bd3 Re8 12.Bf5 g6 13.Bxd7 Nxd7 14.Ne4 Bb8 15.Nc5 Nxc5
16.dxc5 e4 17.Nd2 Bg4 18.Re1 Qe5 19.Nf1 h5 20.Bd2 h4 21.Kh1 h3 22.Ng3 hxg2+
23.Kg1 Bc7 24.b4 Bf3 25.Bc3 Qe6 26.a4 Rad8 27.Qb2 Qh3 28.b5 Rd5  0-1

[Event "FRA-ch G2"]
[Site "Bescanon"]
[Date "1999.08.19"]
[Round "4"]
[White "Bacrot, Etienne"]
[Black "Fressinet, Laurent"]
[Result "1-0"]
[WhiteElo "2592"]
[BlackElo "2440"]

1.d4 d5 2.c4 c6 3.Nc3 Nf6 4.e3 e6 5.Nf3 Nbd7 6.Bd3 dxc4 7.Bxc4 b5 8.Bd3 Bb7
9.e4 b4 10.Na4 c5 11.e5 Nd5 12.Nxc5 Nxc5 13.dxc5 Bxc5 14.O-O h6 15.Nd2 Qc7
16.Re1 Rd8 17.Qg4 Kf8 18.Qg3 g6 19.h4 Ne7 20.Nb3 Bb6 21.Bd2 a5 22.Rac1 Qd7
23.Red1 Bd5 24.Nc5 Qa7 25.Be3 Kg7 26.Qf4 Nf5 27.Bxf5 gxf5 28.g4 Qe7 29.gxf5 exf5
30.Kh2 Rh7 31.Bd4 Be4 32.Nxe4 Bxd4 33.Rxd4 Rxd4 34.Rg1+ Kf8 35.Nf6 Qxf6 36.Qxd4 Qe7
37.Rc1  1-0

[Event "FRA-ch qual"]
[Site "Bescanon"]
[Date "1999.08.20"]
[Round "3"]
[White "Vallin, Guillaume"]
[Black "Bujisho, Benjamin"]
[Result "1/2-1/2"]
[WhiteElo "2378"]
[BlackElo "2289"]

1.d4 d5 2.c4 c6 3.Nc3 Nf6 4.e3 e6 5.Nf3 Nbd7 6.Bd3 Bd6 7.O-O O-O 8.e4 dxe4
9.Nxe4 Nxe4 10.Bxe4 h6 11.Bc2 e5 12.Qd3 f5 13.dxe5 Nxe5 14.Nxe5 Bxe5 15.Re1 Qxd3
16.Bxd3 Bf6 17.Rb1 Rd8 18.Bc2 Kf7 19.Be3 Be6 20.b3 a5 21.Red1 Rxd1+ 22.Rxd1 b5
23.Rd6 Rc8 24.cxb5 cxb5 25.Bd3 Be5 26.Rb6 f4 27.Rxb5 Rd8 28.Be2 Kf6 29.Bb6 Rd2
30.Kf1 a4 31.f3 a3 32.Ra5 Bxb3 33.Rxa3 Bxa2 34.Ke1 Bd6 35.Kxd2 Bxa3 36.Bd4+ Kf7  1/2-1/2

[Event "Polanica Zdroj op"]
[Site "Polanica Zdroj"]
[Date "1999.08.21"]
[Round "5"]
[White "Szymczak, Zbigniew"]
[Black "Beshukov, Sergei"]
[Result "0-1"]
[WhiteElo "2295"]
[BlackElo "2506"]

1.d4 d5 2.c4 e6 3.Nc3 c6 4.e3 Nf6 5.Nf3 Nbd7 6.Bd3 dxc4 7.Bxc4 b5 8.Be2 Bb7
9.e4 b4 10.e5 bxc3 11.exf6 cxb2 12.fxg7 Bxg7 13.Bxb2 Qa5+ 14.Nd2 Ba6 15.O-O Bxe2
16.Qxe2 O-O 17.Nb3 Qb5 18.Qc2 Rfc8 19.Rfc1 Rab8 20.Rab1 Qd5 21.h3 a5 22.Qc4 a4
23.Qxa4 Ra8 24.Qc4 Qxc4 25.Rxc4 Rxa2 26.Nc1 Ra6 27.Bc3 Nb6 28.Rcb4 Nd5 29.Rb8 Ra8
30.Rxc8+ Rxc8 31.Ba1 Ra8 32.Nd3 Ra3 33.Nc5 h6 34.Rb8+ Kh7 35.Bb2 Ra2 36.Kf1 Nc7
37.Rb7 Nb5 38.Nd3 Bxd4 39.Bxd4 Nxd4 40.g4 Kg8 41.Rd7 Nf3 42.Kg2 Ng5 43.Nb4 Ra3
44.Nxc6 Nxh3 45.Ne5 Nf4+ 46.Kh2 f5 47.gxf5 exf5 48.Nc6 Rh3+ 49.Kg1 Rh5 50.Ne7+ Kf8
51.Nd5 Rg5+ 52.Kf1 Nh3 53.Rh7 Rg1+ 54.Ke2 Rg6 55.Kf1 f4 56.f3 Rd6 57.Nc3 Ng5
58.Ne4 Nxh7 59.Nxd6 Kg7 60.Kg2 Ng5 61.Nf5+ Kg6 62.Ne7+ Kh5 63.Nd5 Ne6 64.Nf6+ Kg6
65.Ne4 h5 66.Nf2 Kf5 67.Ne4 Nd4 68.Nc5 Nc6 69.Nd3 Ne5 70.Nc5 Ng6 71.Nd3 Ke6
72.Nc5+ Kd6 73.Ne4+ Ke5 74.Kf2 Kd4 75.Nf6 h4 76.Ng4 Ne5 77.Nh2 h3 78.Nf1 Kd3
79.Nh2 Kd2 80.Nf1+ Kd1 81.Nh2 Nd3+ 82.Kf1 Kd2 83.Ng4 Ne1 84.Kf2 Ng2 85.Nh2 Ne3  0-1

[Event "Zuglo Hotel op 2nd"]
[Site "Budapest"]
[Date "1999.08.22"]
[Round "2"]
[White "Dobos, Jozsef"]
[Black "Melaxasz, Vaszil"]
[Result "1-0"]
[WhiteElo "2365"]
[BlackElo "2195"]

1.d4 d5 2.c4 c6 3.Nc3 Nf6 4.e3 e6 5.Nf3 Be7 6.Bd3 dxc4 7.Bxc4 Nbd7 8.e4 b5
9.Bd3 a6 10.e5 Nd5 11.Nxd5 cxd5 12.O-O O-O 13.Re1 Re8 14.Bf4 Nf8 15.Qd2 Bd7
16.Bg5 f6 17.exf6 gxf6 18.Bf4 Rc8 19.Bg3 Qb6 20.Qh6 Rc6 21.Ng5  1-0

[Event "Abu Dhabi Masters op"]
[Site "Abu Dhabi"]
[Date "1999.08.23"]
[Round "3"]
[White "Mirza, Shahzad"]
[Black "Adnan, A."]
[Result "1/2-1/2"]
[WhiteElo "2290"]
[BlackElo "2124"]

1.d4 d5 2.Nf3 Nf6 3.c4 c6 4.Nc3 e6 5.e3 Bd6 6.Bd3 Nbd7 7.O-O O-O 8.e4 dxe4
9.Nxe4 Nxe4 10.Bxe4 e5 11.dxe5 Nxe5 12.Nxe5 Bxe5 13.Bxh7+ Kxh7 14.Qh5+ Kg8
15.Qxe5 Re8 16.Qc3 Bf5 17.Be3 Qh4 18.Rad1 Re4 19.Rd4 Rae8 20.b3 R8e6 21.Rxe4 Qxe4
22.Qd2 b6 23.c5 b5 24.a3 Re7 25.Qd8+ Re8 26.Qc7 Be6 27.h4 Bxb3 28.Qg3 Bd5
29.Rd1 Qe5 30.Bf4 Qh5 31.f3 Re6 32.Bg5 Qg6  1/2-1/2

[Event "ESP-ch"]
[Site "Palencia"]
[Date "1999.08.23"]
[Round "5"]
[White "Garcia Moreno, Jose A"]
[Black "Fernandez Palacio, Eduardo"]
[Result "1-0"]
[WhiteElo "2008"]
[BlackElo "2139"]

1.d4 d5 2.Nf3 e6 3.c4 c6 4.e3 Nf6 5.Nc3 Bd6 6.Bd3 Nbd7 7.O-O O-O 8.e4 dxe4
9.Nxe4 Nxe4 10.Bxe4 e5 11.Bg5 f6 12.dxe5 Nxe5 13.Bh4 Bg4 14.Qc2 Bxf3 15.gxf3 Qe8
16.f4 f5 17.fxe5 Qxe5 18.Bg3 f4 19.Bxh7+ Kh8 20.Be4 Rf6  1-0

[Event "Polanica Zdroj op"]
[Site "Polanica Zdroj"]
[Date "1999.08.23"]
[Round "7"]
[White "Cyborowski, Lukasz"]
[Black "Kusina, Jan"]
[Result "1/2-1/2"]
[WhiteElo "2424"]
[BlackElo "2146"]

1.d4 d5 2.Nf3 Nf6 3.c4 e6 4.Nc3 c6 5.e3 Nbd7 6.Qc2 Bd6 7.Bd3 O-O 8.O-O dxc4
9.Bxc4 e5 10.Rd1 Qe7 11.Bb3 h6 12.Nh4 Rd8 13.Nf5 Qf8 14.Ne4 Nxe4 15.Qxe4 Nf6
16.Nxh6+ gxh6 17.Qg6+ Qg7 18.Qxg7+ Kxg7 19.dxe5 Be7 20.exf6+ Bxf6 21.Rxd8 Bxd8
22.Bd2 Bf6 23.Bc3 Bf5 24.Bxf6+ Kxf6 25.Rd1 Re8 26.Kf1 Re5 27.Rd6+ Kg7 28.Ke2 Rb5
29.Kd2 Bb1 30.Kc1 Bf5 31.f3 Bg6 32.e4 f5 33.exf5 Bxf5 34.g4 Bg6 35.Kd2 a5
36.Kc3 Rc5+ 37.Kd4 Rb5 38.h4 a4 39.h5 Be8 40.Bc4 Rxb2 41.g5 hxg5 42.h6+ Kf8
43.Rf6+ Ke7 44.Re6+ Kf8 45.Rf6+  1/2-1/2

[Event "Polanica Zdroj op"]
[Site "Polanica Zdroj"]
[Date "1999.08.23"]
[Round "7"]
[White "Moiseenko, Alexander"]
[Black "Ibrahimov, Rasul"]
[Result "0-1"]
[WhiteElo "2501"]
[BlackElo "2396"]

1.d4 d5 2.c4 c6 3.Nf3 Nf6 4.Nc3 e6 5.e3 Nbd7 6.Qc2 Bd6 7.Bd3 O-O 8.O-O h6
9.e4 dxe4 10.Nxe4 Nxe4 11.Bxe4 Nf6 12.Bd3 c5 13.dxc5 Bxc5 14.Bf4 Bd6 15.Bxd6 Qxd6
16.c5 Qc7 17.Rfe1 Bd7 18.b4 Bc6 19.Ne5 Bd5 20.Rac1 a6 21.a4 Rac8 22.h3 Nd7
23.Nxd7 Qxd7 24.Red1 Qe7 25.Bh7+ Kh8 26.Be4 Bxe4 27.Qxe4 Rfd8 28.Rxd8+ Rxd8
29.b5 axb5 30.axb5 Qg5 31.Qb1 Rd2 32.c6 Qf6 33.Rf1 bxc6 34.b6 Rb2 35.b7 Qxf2+
36.Rxf2 Rxb1+ 37.Kh2 Rxb7 38.Rc2 Rc7 39.Rc5 Kg8 40.Kg3 Kf8 41.Kf4 Ke7 42.Ke5 f6+  0-1

[Event "FRA-ch qual"]
[Site "Bescanon"]
[Date "1999.08.24"]
[Round "7"]
[White "Lafont de Sent, Thomas"]
[Black "Delalande, Thierry"]
[Result "0-1"]
[WhiteElo "2274"]
[BlackElo "2136"]

1.d4 d5 2.c4 c6 3.Nc3 Nf6 4.Nf3 e6 5.e3 Nbd7 6.Bd3 dxc4 7.Bxc4 b5 8.Bd3 a6
9.e4 c5 10.e5 cxd4 11.Ne4 Nd5 12.O-O Be7 13.Re1 O-O 14.Bg5 Bb7 15.Nd6 Bxg5
16.Nxb7 Qe7 17.Nd6 Bh6 18.Ne4 Rac8 19.a4 Qb4 20.axb5 axb5 21.Nd6 Rc5 22.Ra7 N7b6
23.Qb1 g6 24.Qa2 Rc1 25.Rxc1 Bxc1 26.Qa6 Qa4 27.Qb7 Qd1+ 28.Bf1 Ne3  0-1

[Event "Abu Dhabi Masters op"]
[Site "Abu Dhabi"]
[Date "1999.08.27"]
[Round "6"]
[White "Yurtaev, Leonid"]
[Black "Anastasian, Ashot"]
[Result "1/2-1/2"]
[WhiteElo "2539"]
[BlackElo "2545"]

1.Nf3 d5 2.c4 c6 3.d4 Nf6 4.Nc3 e6 5.e3 Nbd7 6.Bd3 dxc4 7.Bxc4 b5 8.Bb3 a6
9.O-O c5 10.Re1 Bb7 11.e4 cxd4 12.Nxd4 Nc5 13.Bc2 e5 14.Nf3 Qxd1 15.Rxd1 Ncxe4
16.Nxe4 Bxe4 17.Bxe4 Nxe4 18.Nxe5 Bc5 19.Nd3 O-O-O 20.Bf4 Bb6 21.Kf1 Kb7
22.Rac1 Rhe8 23.f3 Nf6 24.Bg5 Rd6 25.Bxf6 Rxf6 26.Nc5+  1/2-1/2

[Event "Pyramiden Franken Cup"]
[Site "Fuerth"]
[Date "1999.08.27"]
[Round "7"]
[White "Wendt, Rene"]
[Black "Schaefer, Markus"]
[Result "1/2-1/2"]
[WhiteElo "2323"]
[BlackElo "2402"]

1.d4 d5 2.c4 c6 3.Nf3 Nf6 4.Nc3 e6 5.e3 Nbd7 6.Bd3 dxc4 7.Bxc4 b5 8.Bd3 a6
9.e4 c5 10.e5 cxd4 11.Ne4 Nd5 12.O-O h6 13.a4 b4 14.a5 Bb7 15.Bc4 Be7 16.Qxd4 O-O
17.Bd2  1/2-1/2

[Event "Israel"]
[Site "Israel"]
[Date "1999.08.27"]
[Round "?"]
[White "Tsesarsky, Ilya"]
[Black "Kaspi, Alexander"]
[Result "0-1"]
[WhiteElo "2470"]
[BlackElo "2486"]

1.Nf3 Nf6 2.c4 c6 3.d4 d5 4.Nc3 e6 5.e3 Nbd7 6.Qc2 Bd6 7.Bd3 O-O 8.O-O dxc4
9.Bxc4 b5 10.Be2 Bb7 11.Rd1 Qe7 12.e4 e5 13.a3 a6 14.Bg5 h6 15.Bh4 c5 16.d5 c4
17.Nd2 Rfc8 18.Rdc1 Nc5 19.a4 g5 20.Bg3 b4 21.Nd1 c3 22.bxc3 b3 23.Qb1 Rcb8
24.c4 Bc8 25.Nb2 a5 26.Rc3 Rb4 27.f3 Bd7 28.Bf2 Rab8 29.Nd3 Nxd3 30.Qxd3 b2
31.Rb1 Bc5 32.Nb3 Bxf2+ 33.Kxf2 Bxa4 34.Rxb2 Qa7+ 35.Kf1 Nd7 36.Bd1 Kg7 37.g3 R8b7
38.Bc2 Bxb3 39.Rcxb3 Nc5 40.Qe3 Nxb3 41.Qxa7 Rxa7 42.Rxb3 Rxb3 43.Bxb3 Rb7
44.Ba4 Rb4 45.Bb5 a4 46.d6 Kf6  0-1

[Event "JUG-chT playoff"]
[Site "Vrnjacka Banja"]
[Date "1999.08.29"]
[Round "1"]
[White "Abramovic, Bosko"]
[Black "Ivanisevic, Ivan"]
[Result "1/2-1/2"]
[WhiteElo "2505"]
[BlackElo "2447"]

1.d4 d5 2.c4 c6 3.Nc3 Nf6 4.e3 e6 5.Nf3 Nbd7 6.Qc2 Bd6 7.Be2 O-O 8.O-O dxc4
9.Bxc4 a6 10.Rd1 b5 11.Be2 Qc7 12.e4 e5 13.g3 Re8 14.a3 exd4 15.Nxd4 Bb7
16.Nf5 Be5 17.Be3 Rad8 18.Rac1 c5 19.Bf3 g6 20.Nh6+ Kg7 21.Ng4 Nxg4 22.Bxg4 Nf6
23.Bf3 Qe7 24.a4 Bd4 25.axb5 Bxe3 26.fxe3 axb5 27.Nxb5 Bxe4 28.Bxe4 Nxe4
29.Nc3 Ng5 30.e4 Rd4 31.Nd5 Qxe4 32.Qxe4 Rexe4 33.Nc3 Re6 34.Kg2 Red6 35.Rxd4 cxd4
36.Nb5 Rd5 37.Na3 Re5 38.Rc2 Ne4 39.Nc4 Rb5 40.Kf3 f5 41.Ke2 Rb3 42.Rc1 d3+
43.Kd1 Kf6 44.Ra1 Rb4 45.Ra6+ Kg5 46.Rc6 Ra4 47.Ne5 d2 48.Ke2 Ra1 49.Nf3+ Kg4
50.Nxd2 Nxd2 51.Kxd2 Kh3 52.Rc4 Kxh2 53.g4 fxg4 54.Rxg4 Kh3 55.Rg5 Ra6 56.Rg1 Kh2
57.Rg4 Kh3 58.Rg1 h5 59.b4 Kh4 60.b5 Rb6 61.Ke3 g5 62.Rh1+ Kg4 63.Rg1+ Kh4
64.Rh1+ Kg4 65.Rg1+ Kf5 66.Rf1+ Ke6 67.Rh1 h4 68.Rb1 Kd5 69.Kf3 Kc4 70.Rc1+ Kb4
71.Rb1+ Ka4 72.Ra1+ Kb3 73.Rb1+ Kc2 74.Rb4 Kc3 75.Rb1 Kc4 76.Rc1+ Kxb5 77.Kg4 Rg6
78.Rc2 Kb4 79.Rc1 Kb3 80.Rc8 Kb2 81.Rc4 Rg8 82.Rc7 Rh8 83.Rf7 Kc1 84.Rf2 Rg8
85.Rh2 Kd1 86.Ra2 Ke1 87.Rb2 Kf1 88.Ra2 Kg1 89.Ra1+ Kf2 90.Ra3 Rh8 91.Ra2+ Ke3
92.Ra3+ Ke4 93.Ra4+ Kd5 94.Ra5+ Kc4 95.Ra3  1/2-1/2